The Most Frequently Used Letters in the English Language - Statistics

General Stats
  • This quiz has been taken 360 times
  • The average score is 7 of 9
Answer Stats
Hint Answer % Correct
#1 e
100%
#2 t
93%
#3 a
92%
#4 o
87%
#5 i
81%
#6 n
70%
#7 s
65%
#8 h
45%
#9 r
40%
No matching quizzes found
Score Distribution
Percent of People with Each Score
Percentile by Number Answered
Your Score History
You have not taken this quiz